000 00573nam a2200217Ia 4500
008 161112s9999 xx 000 0 und d
020 _a978-971-93446-4-3
050 _aREF N 7327
050 _b.R36 2008
100 _aRamirez, Fred
245 0 _aModern art /
245 0 _cFred Ramirez
260 _a[s. l. ]
260 _bJamayco Publishing House
260 _c2008
300 _a149 pages :
300 _bcolor illustrations. ;
300 _c29 cm.
650 _aArt -- Modern -- 20th Century -- Philippines.
650 _xArt, Modern -- Pictorial works.
999 _c305248
_d305248